Dwĕ nábožné Pjsnĕ o Vmučenj Pána Gežjsse Krysta

Podrobná bibliografia
Médium: Kniha
Jazyk:slovenčina
Fyzický popis:[4] s. 11 cm
Vydavateľské údaje: [B. m.] [b. n.] [19. stor.]
Predmet:

MARC

LEADER 00000nam a2200000 a 4500
001 vtls011745907
003 SK-MaSNL
005 20260301182921.0
008 200612s18uu xx a 0 an0 slo
015 |a SNBHFA18uu 
035 |a urn:nbn:sk:snk-am00d3e0 
035 |a urn:nbn:sk:snk-am3hkb5 
035 |a 864912E8-F1FE-421E-A948-BA3724B00AD5 
040 |a SNKHF  |b slo  |c SNK  |e AACR2 
041 0 |a slo 
072 7 |a 783  |x Cirkevná hudba. Duchovná hudba. Náboženská hudba  |2 konspekt 
080 |a 783.6  |2 2011 
130 0 |a Dwĕ  |9 299944 
245 1 0 |a Dwĕ nábožné Pjsnĕ o Vmučenj Pána Gežjsse Krysta 
260 |a [B. m.]  |b [b. n.]  |c [19. stor.] 
300 |a [4] s.  |c 11 cm 
500 |a Titulná strana s drevoretom 
546 |a Slovenčina  |b Fraktúra 
650 0 7 |a duchovné piesne  |2 SNKPH  |9 1928 
852 |a SNK  |p SE 121/3 
958 |a ONDV 
999 |c 855244  |d 857174 
952 |a SNK  |b SNK  |y PREZ  |7 0  |p 17A0731314  |o snkSE 121/3  |i 2607/28  |0 0  |1 0  |4 0  |d 2018-03-13  |f 1  |l 0  |r 2026-02-24 04:54:30  |w 2026-02-24